000 00287nam a22001457a 4500
003 SGT
082 _aBAW
100 _aBAWA H.S
245 _aWORKSHOP PRACTICE
250 _a2ED
260 _bM C GRAW HILL
_c2015
300 _a250
650 _aPHYSICAL SCIENCE
942 _2ddc
_cBK
999 _c15287
_d15287